Quizzes
Events
Quiz Creation
Community
Videos
Private Events
Remove Ads
Sign In
Join for FREE
Feedback
Dark Mode
Quiz Categories
Sports
Geography
Music
Movies
Television
Just For Fun
Miscellaneous
History
Literature
Language
Science
Gaming
Entertainment
Religion
Holiday
For Kids
Quiz Lab
Recent
Popular Today
Quiz Kudos Today
Editor Picks
Curator Picks
Quizzes by...
Day
Popularity
Type
Ratings
Length
Year
Community
Subscriptions
Recent Discussions
Orange Saloon
Badges
Playlists
Quests
Create
Leaderboards
Showdown
Live 5
Trivia Bingo
Activity
Puzzle Library
Sporcle Events
Private Events
Virtual Trivia
Globe League
Become a Host
Pub Owners
SporcleCon
Opinionation
Our Games
Videos
Blog
Mobile Apps
Partnerships
Remove Ads and Go Orange
Feedback
Language
Vocabulary
Begins and Ends
Definition
Spanish
French
German
Italian
Chinese
Latin
Translation
Japanese
Language
Vocabulary
Begins and Ends
Definition
Spanish
French
German
Italian
Chinese
Latin
Translation
Japanese
Random Quiz
Search Sporcle
×
Quiz Lab
Quiz Lab
Language
Spanish
Type in answers that appear in a list
Type in answers that appear in a list
Classic
Best Score? Go Orange.
Animal Sounds: Spanish Stats
Can you name the animal when given the sound it makes in Spanish?
By
drammus348
5m
10 Questions
7 Plays
7 Plays
7 Plays
Comments
Comments
Give Quiz Kudos
Give Quiz Kudos
-
- Ratings
hide this ad
Forced Order
Answers have to be entered in order
Answers have to be entered in order
Random Order
Randomize order of answers
Randomize order of answers
Replay
Link that replays current quiz
Next Quiz
Link to next quiz in quiz playlist
You Got
0%
They Got
Avg Score
55%
Avg Friend Score
Upgrade to see
Score Distribution
Jump to the score distribution portion of the page
Score
0/10
Timer
05:00
0
Plays Today
Sound
Animal
% Correct
Cuac
Duck
100%
Muu
Cow
100%
Miau
Cat
85.7%
Guau
Dog
71.4%
kikiriki or quiquiriquí
rooster
71.4%
Pio Pio
chicken
57.1%
Bee or Mee
goat
57.1%
cara cara
Hen
14.3%
Jisi
Goose
0%
Glu glu
turkey
0%
Quiz Playlist
Details
Report
Send in Message
Add To Playlist
Classic:
Type in answers that appear in a list
Forced Order:
Answers have to be entered in order
Random Order:
Randomize order of answers
Last Updated: Oct 5, 2022
Quiz Scoreboard
CHALLENGE
Sign Up to Join the Scoreboard
Show All
Scores
Hide
Comments
May contain spoilers
Recently Published
Billboard Blitz: Fleetwood Mac
by CooCooCachoo
Music
15s
Presidents Visiting Landmarks
by Hejman
History
7m
An Introduction to Baseball
by treessimontrees
Sports
5m
More to Explore
Quiz From the Vault
Featured Blog Post
Where Did the Easter Bunny Come From?
hide this ad
You Might Also Like...
Tags
Animal Quiz
Spanish Quiz
sound
Today's Top Quizzes in Language
Browse Language
hide this ad
Today's Top Quizzes in Spanish
Browse Spanish
Top Contributed Quizzes in Language
1
1-10 Letter F Words III
2
1-10 Letter G Words III
3
Order Up: Top 10 Most Native Spoken Languages
4
1-10 Letter H Words III
5
Alphabetize! : 'As' words
6
One Thing in Common: Italy
7
1-10 Letter I Words III
8
Weisst du, aus welchen Sprachen diese Wörter stammen?
9
1-10 Letter J Words III
10
Celtic Nations in their Language
Explore More
Trending Topics
Anime
Disney
Kpop
NBA
Harry Potter
Marvel
Crossword
Country
Pokémon
Puzzle
NFL
Soccer
Song
WWE
The Office
hide this ad
More By:
drammus348
Quiz
Plays
Rating
Category
Featured
Created
Same Thing: or is it?
226
5.00
Language
Jan 12, 2016
Animal Sounds: Spanish
7
1.00
Language
Jan 12, 2016
Go to Creator's Profile
Score Distribution
Quiz Creator Spotlight
drammus348
Follow
Send a Message
Quizzes Created
-
Created Quiz Play Count
-
More By This Creator
Popular Quizzes Today
1
Find the US States - No Outlines Minefield
2
Find the Countries of Europe - No Outlines Minefield
3
The Countries of the World
4
Find the US States
5
US States
6
Risky Map Clicking: Biggest States A-Z
7
Popular People in 1961
8
Movies - When Are They Set?
More Language Quizzes
-ian or -ion?
Published
Trending Quizzes
Risky Map Clicking: Least Populous States A-Z
1-10 Letter G Words
1-10 Letter F Words
Risky Map Clicking: Next State Alphabetically
Risky Map Clicking: Biggest States A-Z
Recently Updated
Leaping Animals
pecheneg
Reality TV Shows (A-Z)
bhenderson79
Rickey Henderson's Hall of Fame Teammates
pecheneg
Champions League XIs: Arsenal
pecheneg
Quick Pick: Celebrities in WWE's Hall of Fame
aduchscher
A-Z Keypad Blitz II
pecheneg
Multiple Oscar Actors
pecheneg
Mystery Phrase Blitz: Oscar 'Best Actors'
pecheneg
F. Scott Fitzgerald Novels
LTH
Pick 3 Villains
ddd62291
Trending Topics
NBA
Crossword
Harry Potter
Anime
Kpop
Marvel
Disney
The Office
Song
NFL
Soccer
Country
Pokémon
WWE
Puzzle
Your Account Isn't Verified!
In order to create a playlist on Sporcle, you need to verify the email address you used during registration. Go to your
Sporcle Settings
to finish the process.
Report this User
Report this user for behavior that violates our
Community Guidelines
.
Details:
Send Report
Go to the Sporcle.com Mobile Site →
Comments